000 00433nam a2200181Ia 4500
001 25358
005 20260414151144.0
008 260414t2004||||xx |||||||||||||| ||spa||
041 _aESP
082 _a346.5
_bD59 V. 4 2004
100 _aFerrara, Francesco
_eAUT
245 0 _aSimulación de los negocios jurídicos
_b
260 _c2004
300 _a
_c28 cm.
650 _aDER
654 _aCDE
942 _cLIB
_dJUS
_fJUS
_2ddc
_n
999 _c25358
_d25358